A grande aventura dos Smurfs (Record no. 122672)
[ view plain ]
| 000 -LÍDER | |
|---|---|
| campo de controle de tamanho fixo | 00911 a2200205 4500 |
| 001 - NÚMERO DE CONTROLE | |
| campo de controle | 122672 |
| 020 ## - ISBN - INTERNATIONAL STANDARD BOOK NUMBER | |
| ISBN - International Standard Book Number | 9788576619574 |
| 040 ## - FONTE DA CATALOGAÇÃO | |
| Instituição que transcreveu o registro | Escola Canadense de Niteroi |
| 090 ## - NÚMERO DE CHAMADA LOCAL | |
| Número de chamada (OCLC) (R); Número de chamada, CALL (RLIN) (NR) | ALE-G3 |
| 100 ## - ENTRADA PRINCIPAL--NOME PESSOAL | |
| Nome pessoal | Alexander, Fern |
| 245 10 - TÍTULO | |
| Título | A grande aventura dos Smurfs |
| 250 ## - EDIÇÃO | |
| Edição | 1.ed. |
| 260 ## - PUBLICAÇÃO, DISTRIBUIÇÃO, ETC. | |
| Local de publicação, distribuição, etc. | Blumenau |
| 300 ## - DESCRIÇÃO FÍSICA | |
| Outros detalhes físicos | il. |
| Dimensões | 4 x 0.4 x 20 cm |
| 362 0# - DATAS DE PUBLICAÇÃO E/OU DESIGNAÇÃO SEQUENCIAL | |
| Datas de publicação e/ou designação sequencial | 2011 |
| 520 ## - NOTA DE RESUMO, ETC | |
| Resumo, etc. | Era a noite mais smurf do ano, o festival da lua Azul! Todos na Vila dos Smurfs estavam animados! Mas, assim que a Lua começou a subir no céu, Gargamel, o malvado feiticeiro, apareceu! Os Smurfs fugiram e, através de um portal mágico, chegaram a um mundo que eles nunca tinham visto antes. Será que os Smurfs conseguirão, neste mundo estranho, smurfar uma Lia Azul para enviá-los de volta para a sua aldeia, antes que Gargamel os aprisione? |
| 650 #4 - ASSUNTO--TERMO TÓPICO | |
| Cabeçalho tópico ou nome geográfico | Literatura Infantil |
| 650 #4 - ASSUNTO--TERMO TÓPICO | |
| Cabeçalho tópico ou nome geográfico | Ação ou Aventura |
| 942 ## - ELEMENTOS DE ENTRADA ADICIONADOS (KOHA) | |
| Tipo de material Koha | Livros |
| Situação do descarte | Situação das perdas | Situação física | Não pode ser emprestado | Biblioteca de origem | Biblioteca atual | Data de aquisição | Total de empréstimos | Número de chamada completo | Código de barras | Data de último acesso | Data do preço efetivo | Tipo de material Koha |
|---|---|---|---|---|---|---|---|---|---|---|---|---|
| Canadian School of Niterói - Piratininga | Canadian School of Niterói - Piratininga | 09/02/2024 | ALE-G3 | A16565 | 09/02/2024 | 09/02/2024 | Livros |